[Event "Cipressina op-A 2nd"]
[Site "Venice"]
[Date "2013.11.30"]
[Round "2"]
[White "Santagati, Marco"]
[Black "Battagin, Mose"]
[Result "0-1"]
[WhiteElo "1792"]
[BlackElo "1851"]
[PlyCount "82"]
[EventDate "2013.11.29"]
[EventType "swiss"]
[EventRounds "5"]
[EventCountry "ITA"]
[SourceTitle "EXT 2015"]
[Source "ChessBase"]
[SourceDate "2014.11.20"]
[SourceVersion "1"]
[SourceVersionDate "2014.11.20"]
[SourceQuality "1"]

1. d4 d6 2. Nc3 g6 3. e4 Bg7 4. Be3 Nf6 5. h3 c6 6. Nf3 0-0 7. Qd2 Nbd7 8. Bh6 Qc7 9. Bxg7 Kxg7 10. Bd3 e5 11. Ne2 d5 12. Ng3 exd4 13. Nxd4 dxe4 14. Be2 Qe5 15. Nf1 c5 16. Nb5 Qxb2 17. Rd1 Ne5 18. Ne3 Be6 19. Nd6 Rad8 20. Ng4 Nexg4 21. hxg4 Ng8 22. Qe3 Qe5 23. f4 Qf6 24. Kf2 Rd7 25. Rxh7+ Kxh7 26. Rh1+ Kg7 27. Qh3 Qxf4+ 28. Bf3 Qd2+ 29. Be2 Qd4+ 30. Ke1 Qa1+ 31. Kf2 Qxh1 32. Qxh1 Rxd6 33. Qa1+ f6 34. Qc3 b6 35. Qg3 Rfd8 36. Ke1 a5 37. g5 Bxa2 38. gxf6+ Nxf6 39. Qe5 Bf7 40. g4 Rd5 41. Qb2 R8d6 0-1

[Event "Cavarzere op 15th"]
[Site "Cavarzere"]
[Date "2012.10.27"]
[Round "4"]
[White "Spano, Alfredo"]
[Black "Santagati, Marco"]
[Result "1/2-1/2"]
[WhiteElo "1851"]
[BlackElo "1599"]
[PlyCount "85"]
[EventDate "2012.10.20"]
[EventType "swiss"]
[EventRounds "6"]
[EventCountry "ITA"]
[SourceTitle "EXT 2015"]
[Source "ChessBase"]
[SourceDate "2014.11.20"]
[SourceVersion "1"]
[SourceVersionDate "2014.11.20"]
[SourceQuality "1"]

1. d4 e6 2. c4 f5 3. g3 Nf6 4. Bg2 Be7 5. Nf3 d6 6. 0-0 0-0 7. Nc3 Qe8 8. b3 a5 9. Bb2 Qh5 10. e3 Na6 11. Ne1 Qg6 12. Nd3 Ne4 13. Nf4 Nxc3 14. Nxg6 Nxd1 15. Nxe7+ Kf7 16. Raxd1 Kxe7 17. a3 Nb8 18. f4 Nd7 19. e4 fxe4 20. Bxe4 Nf6 21. Bg2 Kf7 22. Rde1 Rb8 23. Re2 Re8 24. Rfe1 Bd7 25. Bh3 c6 26. d5 exd5 27. Bxd7 Rxe2 28. Rxe2 Nxd7 29. cxd5 Nf6 30. Bxf6 gxf6 31. Re6 Rd8 32. f5 cxd5 33. Kf2 d4 34. Ke2 Re8 35. Rxe8 Kxe8 36. Kd3 Kd7 37. Kxd4 Kc6 38. g4 h6 39. h3 b5 40. b4 axb4 41. axb4 d5 42. h4 Kd6 43. h5 1/2-1/2

[Event "Mestre Ragazzini Memorial 2nd"]
[Site "Mestre"]
[Date "2011.05.22"]
[Round "5"]
[White "Santagati, Marco"]
[Black "Surrusca, Federico"]
[Result "1-0"]
[WhiteElo "1590"]
[BlackElo "1495"]
[PlyCount "123"]
[EventDate "2011.05.20"]
[EventType "swiss"]
[EventRounds "5"]
[EventCountry "ITA"]
[SourceTitle "EXT 2022"]
[Source "ChessBase"]
[SourceDate "2021.10.06"]
[SourceVersion "1"]
[SourceVersionDate "2021.10.06"]
[SourceQuality "1"]

1. d4 d5 2. Nc3 Nf6 3. Bg5 Nc6 4. e3 a6 5. Nf3 Bf5 6. Bd3 Bg4 7. Be2 e6 8. e4 Be7 9. Bxf6 Bxf6 10. e5 Be7 11. a3 0-0 12. Bd3 Bxf3 13. Qxf3 Nxd4 14. Qh5 g6 15. Qg4 c5 16. 0-0-0 Bg5+ 17. f4 Bh6 18. h4 c4 19. Bxg6 fxg6 20. Rxd4 Qb6 21. Rhd1 Rf7 22. g3 a5 23. R1d2 Qc6 24. Kd1 b5 25. h5 Rg7 26. Qh4 g5 27. Qh3 g4 28. Qh4 Rf8 29. Rf2 b4 30. axb4 axb4 31. Ne2 c3 32. b3 Qb6 33. Ke1 Ra8 34. Rd1 Ra2 35. Nd4 Ra8 36. Qf6 Rga7 37. Qxh6 Ra1 38. Qxe6+ Qxe6 39. Nxe6 Rxd1+ 40. Kxd1 h6 41. Ke2 Kf7 42. Nc5 Rc8 43. Nd3 Rb8 44. Rf1 d4 45. Ra1 Rb6 46. Ra7+ Ke6 47. Rg7 Kf5 48. Rg6 Rb7 49. Rxh6 Ra7 50. Nxb4 Ke4 51. Nd3 Ra2 52. Kd1 Kf3 53. e6 Kxg3 54. e7 Ra1+ 55. Nc1 Ra8 56. f5 Kf2 57. f6 g3 58. f7 g2 59. f8Q+ Kg3 60. Rg6+ Kh2 61. Rxg2+ Kxg2 62. Qxa8+ 1-0

[Event "Mestre Ragazzini Memorial 2nd"]
[Site "Mestre"]
[Date "2011.05.21"]
[Round "2"]
[White "Roverato, Franco"]
[Black "Santagati, Marco"]
[Result "1-0"]
[WhiteElo "1750"]
[BlackElo "1590"]
[PlyCount "63"]
[EventDate "2011.05.20"]
[EventType "swiss"]
[EventRounds "5"]
[EventCountry "ITA"]
[SourceTitle "EXT 2022"]
[Source "ChessBase"]
[SourceDate "2021.10.06"]
[SourceVersion "1"]
[SourceVersionDate "2021.10.06"]
[SourceQuality "1"]

1. e4 d5 2. exd5 Qxd5 3. Nc3 Qd6 4. d4 a6 5. Bc4 Nf6 6. Bb3 b5 7. Qf3 c6 8. Nge2 e6 9. Bf4 Qd7 10. Be5 Be7 11. Nf4 Bb7 12. Qg3 Rg8 13. 0-0-0 Qc8 14. Qh3 Nbd7 15. f3 a5 16. Nxe6 fxe6 17. Bxe6 Rf8 18. d5 cxd5 19. Nxb5 g5 20. Nc7+ Kd8 21. Nxa8 Qxa8 22. Bd4 Bc8 23. Rhe1 g4 24. fxg4 Ne4 25. Qb3 Bg5+ 26. Be3 Bb7 27. Bxg5+ Nxg5 28. Bxd5 Bxd5 29. Rxd5 Nf3 30. Red1 Qa7 31. Qb5 Qe3+ 32. Kb1 1-0

[Event "Mestre Ragazzini Memorial 2nd"]
[Site "Mestre"]
[Date "2011.05.20"]
[Round "1"]
[White "Santagati, Marco"]
[Black "Stefan, Marco"]
[Result "0-1"]
[WhiteElo "1590"]
[BlackElo "1852"]
[PlyCount "92"]
[EventDate "2011.05.20"]
[EventType "swiss"]
[EventRounds "5"]
[EventCountry "ITA"]
[SourceTitle "EXT 2022"]
[Source "ChessBase"]
[SourceDate "2021.10.06"]
[SourceVersion "1"]
[SourceVersionDate "2021.10.06"]
[SourceQuality "1"]

1. d4 Nf6 2. Nc3 c5 3. d5 g6 4. e4 d6 5. Nf3 Bg7 6. e5 dxe5 7. Nxe5 0-0 8. Bc4 Nbd7 9. Nf3 Nb6 10. Qe2 Nfxd5 11. Nxd5 Nxd5 12. 0-0 Nb6 13. c3 Nxc4 14. Qxc4 Qc7 15. Re1 e6 16. Bf4 Qc6 17. Rad1 b5 18. Qe2 Bb7 19. Rd6 Qe8 20. Red1 Bd5 21. Qe3 Rd8 22. Qxc5 Qe7 23. h3 Qb7 24. Qe3 Bf6 25. R1xd5 exd5 26. Rxf6 Rfe8 27. Qc5 Rc8 28. Qd4 Re4 29. Qd2 Rce8 30. Rd6 Re2 31. Qxd5 Qxd5 32. Rxd5 Rxb2 33. Nd4 Rxa2 34. Rxb5 Rc8 35. Rb8 Rxb8 36. Bxb8 a6 37. Be5 a5 38. c4 Ra4 39. c5 Rc4 40. c6 a4 41. c7 a3 42. Nb5 a2 43. Na7 Rxc7 44. Nb5 Rc5 45. Ba1 Rxb5 46. Kh2 Rb1 0-1

[Event "Treviso op-B 34th"]
[Site "Treviso"]
[Date "2010.12.05"]
[Round "5.7"]
[White "Santagati, Marco"]
[Black "Pozzobon, Davide"]
[Result "1/2-1/2"]
[WhiteElo "1572"]
[BlackElo "1796"]
[PlyCount "108"]
[EventDate "2010.12.03"]
[EventType "swiss"]
[EventRounds "5"]
[EventCountry "ITA"]
[SourceTitle "EXT 2024"]
[Source "ChessBase"]
[SourceDate "2023.10.10"]
[SourceVersion "1"]
[SourceVersionDate "2023.10.10"]
[SourceQuality "1"]

1. d4 Nf6 2. Nc3 e6 3. Bg5 h6 4. Bxf6 Qxf6 5. Nf3 d5 6. e3 b6 7. Be2 Be7 8. a3 c5 9. Bb5+ Bd7 10. Qe2 a6 11. Bxd7+ Nxd7 12. 0-0 0-0 13. dxc5 bxc5 14. Qd2 Rab8 15. Rab1 Ne5 16. Nxe5 Qxe5 17. b3 Rfc8 18. Ne2 c4 19. b4 a5 20. c3 axb4 21. axb4 Ra8 22. Nd4 Qc7 23. g3 Qa7 24. b5 Bc5 25. Kg2 Bxd4 26. exd4 Qa2 27. Rb2 Qa5 28. Rb4 Qa3 29. Rfb1 Rcb8 30. b6 Rb7 31. Qb2 Qxb2 32. R4xb2 Ra3 33. Rc1 Rb3 34. Rbc2 R7xb6 35. f4 Rb2 36. Kf3 Kf8 37. h4 Ke7 38. g4 Rxc2 39. Rxc2 Rb3 40. h5 Kf6 41. Kg3 g6 42. Kh4 Rb1 43. g5+ Kg7 44. gxh6+ Kxh6 45. hxg6 Kxg6 46. Kg3 Kf5 47. Rf2 Rg1+ 48. Kf3 Rg4 49. Ke3 Rg3+ 50. Kd2 Ke4 51. Rh2 Kxf4 52. Rh7 f6 53. Rf7 Kf5 54. Rf8 Rg6 1/2-1/2

[Event "Treviso op-B 34th"]
[Site "Treviso"]
[Date "2010.12.04"]
[Round "2.10"]
[White "Bressan, Andrea"]
[Black "Santagati, Marco"]
[Result "0-1"]
[WhiteElo "1491"]
[BlackElo "1572"]
[PlyCount "40"]
[EventDate "2010.12.03"]
[EventType "swiss"]
[EventRounds "5"]
[EventCountry "ITA"]
[SourceTitle "EXT 2024"]
[Source "ChessBase"]
[SourceDate "2023.10.10"]
[SourceVersion "1"]
[SourceVersionDate "2023.10.10"]
[SourceQuality "1"]

1. e4 d5 2. exd5 Qxd5 3. Nc3 Qd6 4. d4 a6 5. Nf3 Nf6 6. Bc4 b5 7. Bb3 Nbd7 8. Qe2 Bb7 9. 0-0 e6 10. Ng5 Be7 11. Be3 c5 12. dxc5 Nxc5 13. Bxc5 Qxc5 14. a4 Qxg5 15. f3 0-0 16. axb5 axb5 17. Nxb5 Rad8 18. Rad1 Nh5 19. Nd4 Nf4 20. Qf2 Nh3+ 0-1

[Event "Treviso op-B 34th"]
[Site "Treviso"]
[Date "2010.12.03"]
[Round "1.2"]
[White "Santagati, Marco"]
[Black "Zanirato, Stefano"]
[Result "0-1"]
[WhiteElo "1572"]
[BlackElo "1905"]
[PlyCount "82"]
[EventDate "2010.12.03"]
[EventType "swiss"]
[EventRounds "5"]
[EventCountry "ITA"]
[SourceTitle "EXT 2024"]
[Source "ChessBase"]
[SourceDate "2023.10.10"]
[SourceVersion "1"]
[SourceVersionDate "2023.10.10"]
[SourceQuality "1"]

1. d4 Nf6 2. Nc3 d5 3. Bg5 Nbd7 4. f3 h6 5. Bh4 g5 6. Bg3 Bg7 7. Nb5 e5 8. dxe5 Nh5 9. e3 Nxg3 10. hxg3 a6 11. Nd4 Nxe5 12. c3 c5 13. Nc2 Be6 14. Nh3 Qc7 15. Nf2 0-0-0 16. Be2 Nc4 17. f4 Nxb2 18. Qd2 Nc4 19. Qd3 Nb2 20. Qd2 Qa5 21. 0-0 Bxc3 22. Qc1 Nc4 23. Bxc4 Bxa1 24. Bxa6 Qxa6 25. Qxa1 gxf4 26. gxf4 Rhg8 27. Qe5 Qd6 28. Qc3 Kb8 29. Rb1 d4 30. Qb2 Bc8 31. Nd3 Qd5 32. Na3 dxe3 33. Ne1 Qd4 34. Qb6 e2+ 35. Kh1 Qf2 36. Nb5 Qf1+ 37. Kh2 Qxf4+ 38. Kh1 Qh4+ 39. Kg1 Rxg2+ 40. Nxg2 Rd1+ 41. Ne1 Qxe1+ 0-1